ბათუმის შოთა რუსთაველის სახელმწიფო უნივერსიტეტის ბიბლიოთეკა

The lost history of liberalism : (ბიბ.ჩანაწერი № 57711)

000 -LEADER
fixed length control field 00673cam a2200205 i 4500
001 - CONTROL NUMBER
control field 20388850
005 - DATE AND TIME OF LATEST TRANSACTION
control field 20221108142440.0
008 - FIXED-LENGTH DATA ELEMENTS--GENERAL INFORMATION
fixed length control field 180307s20182018nju 000 0 eng
020 ## - INTERNATIONAL STANDARD BOOK NUMBER
International Standard Book Number 9780691170701x
041 ## - LANGUAGE CODE
Language code of text/sound track or separate title eng
080 ## - UNIVERSAL DECIMAL CLASSIFICATION NUMBER
Universal Decimal Classification number 94 R-79
100 1# - MAIN ENTRY--PERSONAL NAME
Personal name Rosenblatt, Helena
Dates associated with a name
9 (RLIN) 9574
245 14 - TITLE STATEMENT
Title The lost history of liberalism :
Remainder of title from ancient Rome to the twenty-first century /
Statement of responsibility, etc. Helena Rosenblatt.
264 #4 - PRODUCTION, PUBLICATION, DISTRIBUTION, MANUFACTURE, AND COPYRIGHT NOTICE
Date of production, publication, distribution, manufacture, or copyright notice © 2018.
Place of production, publication, distribution, manufacture Princeton :
Name of producer, publisher, distributor, manufacturer Princeton University Press,
300 ## - PHYSICAL DESCRIPTION
Extent 348 pages ;
Dimensions 23 cm.
504 ## - BIBLIOGRAPHY, ETC. NOTE
Bibliography, etc. note Includes bibliographical references and index.
653 ## - INDEX TERM--UNCONTROLLED
keyword ისტორია
653 ## - INDEX TERM--UNCONTROLLED
keyword ლიბერალიზმი
942 ## - ADDED ENTRY ELEMENTS (KOHA)
Source of classification or shelving scheme
Koha item type წიგნი
ეგზემპლარები
Withdrawn status Lost status Source of classification or shelving scheme Damaged status Not for loan Permanent Location Current Location Shelving location Date acquired Cost, normal purchase price Full call number Barcode Date last seen Copy number Price effective from Koha item type Public note
          ბათუმის შოთა რუსთაველის სახელმწიფო უნივერსიტეტის მთავარი ბიბლიოთეკა ბათუმის შოთა რუსთაველის სახელმწიფო უნივერსიტეტის მთავარი ბიბლიოთეკა წიგნსაცავი 2020-10-01 65.41 94 R-79 61043 2020-10-01 61043 2020-10-01 წიგნი 65 ლ. 41 თ.